000 00976nam a22001695i 4500
001 167205
003 ES-MaACL
005 20230906213457.0
008 940206s1893 sp |||| | spa d
040 _aAS
_bspa
100 1 _aVera y Casado, Bartolomé de.
_9133623
245 1 3 _aLa administración local
_b: primera parte memoria sobre los vicios y abusos existentes en los municipios, segunda parte proyectos y bases para corregirlos /
_cmonografía escrita por Bartolomé de la Vera y Casado que obtuvo el premio del conde de Toreno en el concurso abierto en 31 de enero de 1891...
260 _aMadrid :
_b[s.n.],
_c1893 (
_fImprenta y litografía de los huérfanos)
300 _a177 p. ;
_c26 cm.
505 8 _aPrimera parte. Memoria sobre los vicios y abusos existentes en los municipios - Segunda parte. Proyectos y bases para corregirlos
852 _aES-MaACL
_jF-M-III-O (VIII)
_z-- Enc. pasta española
_q-- Falto de la cub. original
_z-- Enc. en un vol. facticio
999 _c167205
_d167205